[Event "Calvia Amateur op 11th"]
[Site "Calvia"]
[Date "2014.10.09"]
[Round "6"]
[White "Dugailliez, Guy"]
[Black "Sanchez Camino, Jose"]
[Result "1-0"]
[WhiteElo "1958"]
[BlackElo "1825"]
[PlyCount "95"]
[EventDate "2014.10.04"]
[EventType "swiss"]
[EventRounds "9"]
[EventCountry "ESP"]
[SourceTitle "EXT 2015"]
[Source "ChessBase"]
[SourceDate "2014.11.20"]
[SourceVersion "1"]
[SourceVersionDate "2014.11.20"]
[SourceQuality "1"]

1. e4 d6 2. d4 g6 3. Nc3 Bg7 4. Be3 Nf6 5. f3 c6 6. Qd2 b5 7. Bh6 0-0 8. h4 Re8 9. Nge2 Bh8 10. h5 b4 11. Nd1 a5 12. Bg5 Bg7 13. hxg6 fxg6 14. Bh6 Bh8 15. Ne3 c5 16. Rd1 Nc6 17. c3 Ra7 18. dxc5 dxc5 19. Nf4 Qxd2+ 20. Rxd2 Ba6 21. Bxa6 Rxa6 22. Ned5 Nxd5 23. Nxd5 Ra7 24. Bg5 Rb7 25. Ke2 c4 26. f4 Bg7 27. e5 Reb8 28. Ne3 a4 29. Nxc4 a3 30. cxb4 Rxb4 31. b3 Ra8 32. Rd7 Bf8 33. Kd2 h5 34. Kc3 Rc8 35. Rhd1 Rbb8 36. R1d2 e6 37. Kd3 Nb4+ 38. Ke4 Nd5 39. Rd3 Bb4 40. Rg3 Be1 41. Rd3 h4 42. Bf6 Nc3+ 43. Kf3 Nxa2 44. Rg7+ Kf8 45. Rh7 g5 46. Rh8+ Kf7 47. Rd7+ Kg6 48. Rg7+ 1-0

[Event "ESP-ch 78th"]
[Site "Linares"]
[Date "2013.08.30"]
[Round "2"]
[White "Sanchez Camino, Jose"]
[Black "Sanchez Aller, Fernando"]
[Result "0-1"]
[WhiteElo "1858"]
[BlackElo "2320"]
[PlyCount "70"]
[EventDate "2013.08.29"]
[EventType "swiss"]
[EventRounds "9"]
[EventCountry "ESP"]
[SourceTitle "CBM 156 Extra"]
[Source "ChessBase"]
[SourceDate "2013.10.22"]
[SourceVersion "1"]
[SourceVersionDate "2013.10.22"]
[SourceQuality "1"]

1. e4 d5 2. exd5 Nf6 3. Nf3 Bg4 4. Be2 Nxd5 5. d4 e6 6. c3 Be7 7. 0-0 Nd7 8. Bd2 0-0 9. a3 c5 10. dxc5 Nxc5 11. c4 Nf6 12. Nc3 a5 13. Be3 Qc8 14. Ne5 Bf5 15. Bxc5 Qxc5 16. Nd7 Nxd7 17. Qxd7 Rfd8 18. Qxb7 Rab8 19. Qf3 Qe5 20. Nb5 Qxb2 21. Rad1 h6 22. Bd3 Bxd3 23. Rxd3 Rxd3 24. Qxd3 Rd8 25. Qe4 Bc5 26. g3 Rd2 27. Qa8+ Kh7 28. Qe4+ f5 29. Qf3 Qc2 30. Nc7 Qxc4 31. Ne8 Qe4 32. Qc3 Qd4 33. Qf3 Bb6 34. h4 Rd3 35. Qb7 Rxg3+ 0-1